The functions of state departments of education, (Record no. 22136)

MARC details
000 -LEADER
fixed length control field 01169cam a22002651 4500
001 - CONTROL NUMBER
control field e 50000036
003 - CONTROL NUMBER IDENTIFIER
control field DLC
005 - DATE AND TIME OF LATEST TRANSACTION
control field 20260227111234.0
008 - FIXED-LENGTH DATA ELEMENTS--GENERAL INFORMATION
fixed length control field 770426s1950 xx 000 0 eng c
010 ## - LIBRARY OF CONGRESS CONTROL NUMBER
LC control number e 50000036
035 ## - SYSTEM CONTROL NUMBER
System control number (OCoLC)2918051
040 ## - CATALOGING SOURCE
Original cataloging agency U.S. Office of Education
Transcribing agency NcCuW
Modifying agency DLC
042 ## - AUTHENTICATION CODE
Authentication code premarc
050 00 - LIBRARY OF CONGRESS CALL NUMBER
Classification number L111
Item number .A614 no. 12
082 ## - DEWEY DECIMAL CLASSIFICATION NUMBER
Classification number 379.152
100 1# - MAIN ENTRY--PERSONAL NAME
Personal name Beach, Fred Francis,
Dates associated with a name 1905-
245 14 - TITLE STATEMENT
Title The functions of state departments of education,
Remainder of title with an inventory of the services provided by the 48 departments,
Statement of responsibility, etc. by Fred F. Beach in cooperation with the Study Commission of the National Council of Chief State School Officers.
260 ## - PUBLICATION, DISTRIBUTION, ETC.
Place of publication, distribution, etc. [Washington]
Name of publisher, distributor, etc. Federal Security Agency, Office of Education
Date of publication, distribution, etc. [1950]
300 ## - PHYSICAL DESCRIPTION
Extent ix, 70 p.
Other physical details diagr.
Dimensions 29 cm.
410 10 - SERIES STATEMENT/ADDED ENTRY--CORPORATE NAME [OBSOLETE, CAN/MARC], [LOCAL, USA]
Corporate name or jurisdiction name as entry element United States.
Subordinate unit Office of Education.
Title of a work Misc[ellaneous]
Volume number/sequential designation no. 12
501 ## - WITH NOTE
With note With: FM for education / William Dow Boutwell. Washington : U.S. Govt. Print.Off., 1944. Bound together subsequent to publication.
Institution to which field applies DLC
504 ## - BIBLIOGRAPHY, ETC. NOTE
Bibliography, etc. note Bibliography: p. 24-25.
650 #0 - SUBJECT ADDED ENTRY--TOPICAL TERM
Topical term or geographic name entry element Education
Geographic subdivision United States.
650 #0 - SUBJECT ADDED ENTRY--TOPICAL TERM
Topical term or geographic name entry element School management and organization
Geographic subdivision United States.

No items available.

Powered by Koha